[Event "Elitserien Allsvenskan 2017-18"]
[Site "Lund"]
[Date "2017.10.20"]
[Round "1"]
[White "Jobava, Baadur"]
[Black "Hammer, Jon Ludvig"]
[Result "1-0"]
[WhiteElo "2705"]
[BlackElo "2632"]
[Annotator "TA"]
[PlyCount "73"]
[EventDate "2017.??.??"]
[EventCountry "SWE"]
[SourceTitle "playchess.com"]
[Source "ChessBase"]
[SourceQuality "1"]

{[%evp 12,73,-20,-20,-18,-23,-12,-22,-20,-11,-2,-2,5,-7,7,0,0,0,24,2,0,0,33,0,15,-10,0,-40,0,8,34,58,72,59,61,89,73,64,142,142,127,129,115,107,89,67,92,0,0,0,0,0,222,0,0,0,0,0,0,0,706,673,29982,29983]} 1. b3 e5 2. Bb2 Nc6 3. e3 d5 4. Bb5 Bd6 5. Nf3 f6 {[%cal Bf7f6,Bf6f5][%mdl 32]} 6. d4 {A01: Larsen-Eröffnung} (6. c4 Nge7 7. Nc3 a6 8. Ba4 O-O 9. O-O Nb4 10. d4 e4 11. Ne1 Be6 12. a3 Nbc6 13. Bxc6 bxc6 14. c5 Bxh2+ 15. Kxh2 {½-½ (62) Zhao,X (2506)-Kosteniuk,A (2554) Huaian 2016}) 6... e4 7. Nfd2 {LiveBook: 7 Partien} f5 8. c4 {Die Stellung ist ausgeglichen.} a6 9. Bxc6+ bxc6 10. Ba3 Nf6 11. Bxd6 cxd6 12. Nc3 Be6 $146 ({Vorgänger:} 12... dxc4 13. Nxc4 O-O {1-0 (46) Zwirs,N (2358)-Goudriaan,E (2349) Amsterdam 2015}) 13. cxd5 Nxd5 14. Nxd5 Bxd5 15. Qh5+ g6 16. Qh6 Kf7 17. h4 Qa5 18. Qf4 Ke6 19. h5 g5 20. Qxg5 Rag8 21. Qh6+ $1 Ke7 22. g3 $1 {[%cal Bg2g3,Bg3h4][%mdl 32]} Rg4 23. Rh4 $1 {[%cal Rh4g4]} Rxh4 24. Qg5+ (24. gxh4 $2 Qc3 $19) 24... Kd7 (24... Ke8 $14 25. Qxh4 Rf8) 25. Qg7+ $16 (25. gxh4 $6 Rf8 $11) (25. Qxf5+ $2 Kc7 $19) 25... Ke6 {( -> ...Th1+)} 26. gxh4 Qd8 27. O-O-O Rg8 28. Qxh7 Rg2 $1 29. h6 ({Lieber} 29. Kb1 $16) 29... Qa5 $1 $11 30. Kb1 {Schwarz muss nun Dh8 beachten.} Qc3 31. Qc7 {Und h7 würde nun gewinnen.} Rxf2 $2 (31... Qd3+ $11 32. Kb2 Rxf2) 32. h7 $2 (32. Qc8+ $18 Ke7 33. Qc7+ Ke6 34. Qc8+ Ke7 35. Qxa6 Rxd2 36. Rxd2 Qxd2 37. h7 Qe1+ 38. Kb2) 32... Qd3+ 33. Kb2 Rxd2+ 34. Rxd2 Qxd2+ 35. Ka3 {[#]} Qc1+ $2 {[%mdl 8192]} (35... Bxb3 $1 $11 {[%mdl 512]} 36. Qc8+ (36. axb3 Qc1+ 37. Ka2 Qd2+ 38. Ka3 Qc1+ 39. Ka4 Qa1+ 40. Kb4 Qe1+ 41. Kc4 Qf1+ 42. Kc3 Qe1+ 43. Kc4 Qf1+ 44. Kc3 Qe1+ 45. Kc4 $11) 36... Kf7 37. Qd7+ (37. axb3 Qa5+ 38. Kb2 Qd2+ 39. Kb1 Qd3+ 40. Ka1 Qc3+ 41. Kb1 Qxb3+ 42. Ka1 Qc3+ 43. Kb1 Qb3+ 44. Ka1 Qc3+ 45. Kb1 Qe1+ 46. Kb2 Qd2+ 47. Kb1 Qb4+ 48. Kc2 Qc4+ 49. Kb2 Qe2+ 50. Kb1 Qf1+ 51. Kc2 Qf2+ 52. Kd1 Qf1+ 53. Kc2 Qf2+ 54. Kb1 Qe1+ 55. Kc2 Qf2+ $11) (37. Qxf5+ Kg7 $11) 37... Kg6 38. h5+ (38. axb3 Qa5+ 39. Kb2 Qd2+ 40. Ka3 Qc1+ 41. Kb4 Qd2+ 42. Ka3 $11) 38... Kg5 39. Qg7+ (39. axb3 Qa5+ 40. Kb2 Qd2+ 41. Ka3 Qa5+ 42. Kb2 Qd2+ 43. Ka3 $11) 39... Kh4 40. Qf6+ (40. Kxb3 Qd3+ 41. Ka4 Qc4+ 42. Ka3 Qc3+ 43. Ka4 Qc4+ 44. Ka3 Qc3+ 45. Ka4 Qc4+ $11) (40. axb3 Qa5+ 41. Kb2 Qd2+ 42. Kb1 Qd3+ 43. Kb2 Qd2+ 44. Ka3 Qa5+ 45. Kb2 Qd2+ $11) 40... Kg4 41. Qg6+ (41. Kxb3 Qd3+ 42. Ka4 Qc4+ 43. Ka3 Qc3+ 44. Ka4 Qc4+ 45. Ka3 Qc3+ 46. Ka4 Qc4+ $11) (41. axb3 Qa5+ 42. Kb2 Qd2+ 43. Kb1 Qe1+ 44. Kb2 Qd2+ 45. Kb1 Qd3+ 46. Ka2 Qd2+ 47. Kb1 $11) 41... Kh4 42. Qf6+ (42. axb3 Qc1+ 43. Ka2 Qd2+ 44. Ka3 Qc1+ 45. Ka2 Qd2+ 46. Kb1 Qd3+ 47. Kb2 Qxe3 $11) 42... Kg4 43. Qg6+ (43. Kxb3 Qd3+ 44. Ka4 Qc4+ 45. Ka3 Qc3+ 46. Ka4 Qc4+ 47. Ka3 Qc3+ 48. Ka4 Qc4+ $11) (43. axb3 Qa5+ 44. Kb2 Qd2+ 45. Kb1 Qd3+ 46. Ka2 Qd2+ 47. Kb1 Qd3+ 48. Ka2 Qd2+ 49. Kb1 $11) 43... Kh4 44. Qf6+ (44. axb3 Qc1+ 45. Kb4 Qd2+ 46. Ka3 Qc1+ 47. Kb4 Qd2+ 48. Ka4 Qa2+ 49. Kb4 Qd2+ $11)) 36. Ka4 $18 Bxb3+ {[#]} 37. Ka5 $1 {Precision: Weiß = 35%, Schwarz = 64%.} 1-0

[Event "Elitserien Allsvenskan 2017-18"]
[Site "Lund"]
[Date "2017.10.21"]
[Round "1"]
[White "Agrest, Evgenij"]
[Black "Von Bahr, Oskar"]
[Result "1-0"]
[WhiteElo "2600"]
[BlackElo "2431"]
[Annotator "TA"]
[PlyCount "132"]
[EventDate "2017.??.??"]
[EventCountry "SWE"]
[SourceTitle "playchess.com"]
[Source "ChessBase"]
[SourceQuality "1"]

{[%evp 23,132,0,0,-8,19,25,17,23,29,22,22,-6,0,-29,-24,-12,0,0,0,0,88,87,70,69,79,69,68,75,75,67,84,85,79,85,104,101,105,103,113,113,111,109,120,124,110,119,114,115,151,147,162,168,157,122,140,151,177,162,167,162,185,185,178,144,245,240,233,218,248,234,307,211,388,374,388,286,388,377,373,360,467,456,593,585,669,600,729,711,687,671,901,901,960,968,897,919,813,753,681,4562,1431,735,629,883,4578,4578,4578,4578,4578,730,938]} 1. Nf3 Nf6 2. c4 c5 3. Nc3 Nc6 4. d4 cxd4 5. Nxd4 e6 6. g3 Qb6 7. Ndb5 Ne5 8. Bg2 a6 9. Qa4 Rb8 {A33: Symmetrical English: 2 Nf3 Nf6 3 d4 cxd4 4 Nxd4 e6 5 Nc3 Nc6} (9... Bc5 10. O-O O-O 11. b4 axb5 12. Qxa8 Bxb4 13. Nxb5 Nxc4 14. Qa4 Qa5 15. Qxa5 Bxa5 16. Rd1 d5 17. Na3 {1-0 (34) Matlakov,M (2694)-Vachier Lagrave,M (2804) Doha 2016}) 10. Na3 Be7 11. O-O O-O 12. Bf4 d6 {LiveBook: 3 Games} 13. Qb3 {[#]} Qxb3 $146 ({Predecessor:} 13... Qc7 14. c5 Qxc5 15. Be3 Qc7 16. Bb6 Qd7 17. Rfd1 {½-½ (27) Matlakov,M (2689)-Akopian,V (2648) Berlin 2015}) 14. axb3 b5 15. cxb5 axb5 16. Naxb5 Bd7 17. Nd4 Ng6 18. Bc1 d5 19. Rd1 e5 20. Nc2 d4 21. Nd5 Be6 ({Reject} 21... Rxb3 $6 22. Nxe7+ Nxe7 23. f4 $16) (21... Nxd5 $11 {remains equal.} 22. Bxd5 Bb5) 22. Nxe7+ $16 Nxe7 23. f4 $1 {[%cal Rf4e5]} exf4 24. Bxf4 Rxb3 25. Bd6 Re8 26. Ba3 Nf5 27. Nxd4 Nxd4 28. Rxd4 Bg4 29. Bc6 Rc8 30. Rad1 $36 {[%mdl 2048] [#] Strongly threatening Rd8+. Black is under strong pressure.} Rbb8 31. Bf3 h5 32. Rb4 Bxf3 33. Rxb8 Rxb8 34. exf3 {[%mdl 4096] Endgame KRB-KRN} Rb3 35. Kf2 g5 36. Ke2 g4 37. Rd3 Rb5 38. Rd4 Re5+ 39. Kf2 Kg7 40. Bb4 Rf5 41. f4 Kg6 42. Be7 {[#] Hoping for Rd6.} Ng8 43. Bd6 Rb5 (43... h4 $16 {keeps fighting.} 44. Be5 (44. gxh4 Rh5 $16) 44... Rh5) 44. b4 $18 Nh6 45. Bc5 Nf5 46. Rd8 Ng7 47. Rd6+ Kf5 $2 (47... f6 48. Ke2 Rb7) 48. Rd5+ Ke4 49. Rd4+ Kf5 50. Ke3 Rb8 51. Kd3 f6 52. Rd5+ {White is clearly winning.} Kg6 53. Kc4 Nf5 54. b5 h4 55. gxh4 Nxh4 56. Bd6 Rc8+ 57. Rc5 Nf5 58. Bc7 (58. Rxc8 $2 {loses.} Nxd6+ 59. Kd5 Nxc8 $19) 58... Rh8 59. b6 Rxh2 60. b7 Rc2+ 61. Kd5 Rd2+ 62. Ke6 Nd4+ 63. Ke7 Rb2 64. b8=Q Rxb8 65. Bxb8 g3 66. Ba7 g2 {Precision: White = 86%, Black = 42%.} 1-0

[Event "Elitserien Allsvenskan 2017-18"]
[Site "Lund"]
[Date "2017.10.20"]
[Round "1"]
[White "Pantsulaia, Levan"]
[Black "Barkhagen, Jonas"]
[Result "1/2-1/2"]
[WhiteElo "2586"]
[BlackElo "2421"]
[Annotator "TA"]
[PlyCount "111"]
[EventDate "2017.??.??"]
[EventCountry "SWE"]
[SourceTitle "playchess.com"]
[Source "ChessBase"]
[SourceQuality "1"]

{[%evp 18,111,32,0,17,14,14,14,81,15,27,21,35,0,24,26,40,52,41,49,54,36,60,65,66,57,56,64,69,68,58,17,15,0,19,19,20,15,28,10,20,5,13,8,27,24,29,5,6,-33,34,47,38,42,52,18,19,27,4,11,34,35,41,37,74,22,29,0,0,0,0,0,0,0,0,0,0,0,0,0,0,0,0,0,0,0,0,0,18,0,0,0,0,0,0,0]} 1. Nf3 d5 2. g3 Nf6 3. Bg2 c6 4. c4 Bf5 5. cxd5 cxd5 6. Qb3 Qb6 7. Qxb6 axb6 8. Nc3 Bd7 {A11: English Opening: 1...c6} 9. d3 e6 10. Bf4 {LiveBook: 4 Games} Bc5 11. a3 O-O 12. O-O d4 $146 (12... Rc8 $11) ({Predecessor:} 12... Rc8 13. e4 Nc6 14. exd5 Nxd5 15. Nxd5 exd5 16. Rfe1 {½-½ (42) Giri,A (2717)-Burmakin,V (2592) Sochi 2012}) 13. Na2 (13. Ne4 $16) 13... Nd5 $11 14. Bd2 Nc6 15. Nc1 Be7 16. Nb3 Bf6 17. Bg5 Bxg5 18. Nxg5 Nde7 19. Ne4 {[%cal Bg5e4,Be4d2,Bd2c4][%mdl 32]} Nc8 20. f4 Rd8 21. Rfc1 Be8 22. Ned2 f6 23. Be4 N8e7 24. Rc4 Bf7 25. Rf1 h6 26. Rcc1 Nd5 27. Nc4 Ra6 28. h4 Kf8 29. Rf2 Ke7 30. Ncd2 Ke8 31. Na1 Raa8 32. Nc2 Ne3 33. Nf3 Rac8 (33... Na5 $1 $15 34. Nfxd4 Rac8) 34. Nxe3 $1 $14 dxe3 35. Rff1 Bh5 36. Bxc6+ (36. Kg2 {with more complications.} Ke7 37. b4 Bg4 38. Rh1 Ra8 39. Rc3) 36... Rxc6 37. Rxc6 bxc6 {[%mdl 4096] Endgame KRB-KRN} 38. Kg2 b5 39. Rc1 Kd7 40. Nd4 Rc8 41. Rc5 ({Better is} 41. Re1 $16) 41... Bg4 $11 42. Kf1 Kd6 $1 {[%cal Rd6c5] The position is equal.} 43. b4 {[#] Nxb5+! is the strong threat.} e5 44. Nc2 exf4 45. gxf4 Bh3+ 46. Kg1 Bg4 47. Kf1 Bh3+ 48. Ke1 Re8 49. Nd4 Ra8 50. Nc2 Re8 51. Kd1 Bg4 52. Nd4 Ra8 53. Nc2 Re8 54. Ke1 Bh3 55. Nd4 Ra8 56. Nc2 {Precision: White = 58%, Black = 52%.} 1/2-1/2

[Event "Elitserien Allsvenskan 2017-18"]
[Site "Lund"]
[Date "2017.10.20"]
[Round "1"]
[White "Neiksans, Arturs"]
[Black "Grandelius, Nils"]
[Result "1/2-1/2"]
[WhiteElo "2584"]
[BlackElo "2653"]
[Annotator "TA"]
[PlyCount "39"]
[EventDate "2017.??.??"]
[EventCountry "SWE"]
[SourceTitle "playchess.com"]
[Source "ChessBase"]
[SourceQuality "1"]

{[%evp 9,39,0,16,24,24,7,13,13,14,17,17,17,16,7,14,14,18,16,16,5,8,6,18,4,14,-3,0,0,0,0,-5,-6]} 1. d4 Nf6 2. c4 e6 3. Nf3 d5 4. g3 Bb4+ 5. Bd2 Bd6 6. Bg2 {E01: Catalan: Early deviations} c6 7. Nc3 Nbd7 {The position is equal.} 8. b3 {[%cal Bb2b3,Bb3c4][%mdl 32]} dxc4 9. bxc4 e5 10. e3 exd4 11. exd4 Qe7+ 12. Ne2 $146 ({Predecessor:} 12. Qe2 O-O 13. Qxe7 Bxe7 {½-½ (55) Shankland,S (2666)-Naroditsky,D (2646) Saint Louis 2017}) 12... Ne4 13. O-O Nxd2 14. Nxd2 O-O 15. Nc3 Nf6 16. Nde4 Bf5 {[%cal Rf6e4]} 17. Qf3 Bxe4 18. Nxe4 Nxe4 19. Qxe4 Qxe4 20. Bxe4 {Precision: White = 70%, Black = 86%.} 1/2-1/2

[Event "Elitserien Allsvenskan 2017-18"]
[Site "Lund"]
[Date "2017.10.20"]
[Round "1"]
[White "Tikkanen, Hans"]
[Black "Sammalvuo, Tapani"]
[Result "1/2-1/2"]
[WhiteElo "2516"]
[BlackElo "2415"]
[Annotator "TA"]
[PlyCount "93"]
[EventDate "2017.??.??"]
[EventCountry "SWE"]
[SourceTitle "playchess.com"]
[Source "ChessBase"]
[SourceQuality "1"]

{[%evp 26,93,-50,-66,-44,-43,-51,-65,-54,-56,-61,-56,-49,-55,-56,-65,-36,-42,-40,-50,-30,-65,-72,-58,-18,-9,-4,-8,-6,0,0,-12,-14,-14,-14,-13,-12,-11,-11,-12,-12,-9,0,-52,8,-37,-37,-37,-37,-37,-37,-37,-37,-37,-37,-37,-37,-43,-43,-43,-37,-37,-37,-37,-37,-37,-21,-37,-37,-37]} 1. c4 Nf6 2. Nf3 e6 3. g3 d5 4. Bg2 Be7 5. O-O O-O 6. b3 c5 7. Bb2 Nc6 8. e3 d4 9. exd4 cxd4 10. Re1 Ne8 11. d3 f6 {A14: English Opening: 1...e6 with b3 by White} 12. a3 (12. Nbd2 e5 13. Ne4 Nc7 14. c5 Be6 15. Nfd2 Bd5 16. Nc4 Ne6 17. Ba3 b5 18. Ncd6 Bxd6 19. cxd6 {0-1 (67) Caruana,F (2795)-Nakamura,H (2787) Saint Louis 2016}) 12... a5 13. Nbd2 e5 14. Nh4 {[#] LiveBook: 5 Games. Strongly threatening Bd5+.} Nc7 15. Qh5 {Threatens to win with Be4.} Qe8 $146 ({Predecessor:} 15... g5 16. Be4 f5 17. Bxc6 bxc6 18. Nhf3 c5 19. Nxe5 {0-1 (36) Onischuk,A (2575)-Kasimdzhanov,R (2435) Halle 1995}) 16. Qxe8 Rxe8 17. f4 exf4 $1 18. gxf4 Bg4 19. h3 Bd7 20. f5 Rad8 21. Rad1 Bc8 22. Be4 Bd6 23. Ndf3 Bg3 24. Rf1 g5 25. fxg6 hxg6 26. Kg2 $132 {[%mdl 2048] White puts up resistance} Bxh4 $1 27. Nxh4 Kg7 28. Nf3 ({Reject} 28. Bxg6 Rh8 $15) 28... Ne6 {[%cal Bc7e6,Be6c5,Bc5d3][%mdl 32]} 29. Rde1 Nc5 30. Bxc6 bxc6 31. Rxe8 Rxe8 32. Bxd4 Nxd3 33. Kg3 Re4 34. a4 {[#]} (34. Bxf6+ $11 Kxf6 35. Nd2+ Ke5 36. Nxe4 Kxe4 37. Rf6) 34... Bf5 (34... g5 $1 $15 {[%mdl 512]}) 35. Bc3 Nc5 {And now ...Re3 would win.} 36. Nd2 $1 Re3+ 37. Rf3 Rxf3+ 38. Kxf3 Bc2 39. Bxa5 Nxb3 40. Nxb3 Bxb3 $15 {[%mdl 4096] Endgame KB-KB} 41. c5 Bxa4 42. h4 Kf7 43. Kf4 Ke6 44. Bd8 Bb3 45. Bc7 Kd5 46. Bd6 Bc2 47. Be7 {Precision: White = 56%, Black = 56%.} 1/2-1/2

[Event "Elitserien Allsvenskan 2017-18"]
[Site "Lund"]
[Date "2017.10.20"]
[Round "1"]
[White "Cicak, Slavko"]
[Black "Goganov, Aleksey"]
[Result "0-1"]
[WhiteElo "2512"]
[BlackElo "2571"]
[Annotator "TA"]
[PlyCount "66"]
[EventDate "2017.??.??"]
[EventCountry "SWE"]
[SourceTitle "playchess.com"]
[Source "ChessBase"]
[SourceQuality "1"]

{[%evp 10,66,31,3,29,13,11,7,9,7,0,0,2,0,2,0,0,0,0,0,0,0,7,0,0,-60,-68,-55,-61,-63,-67,-109,-110,-114,-105,-205,-191,-357,-349,-349,-347,-379,-375,-359,-347,-368,-365,-337,-338,-354,-381,-404,-374,-374,-368,-342,-352,-693,-668]} 1. e4 e5 2. Nf3 Nc6 3. Bb5 Nf6 4. d3 Bc5 5. Bxc6 dxc6 6. Bg5 {LiveBook: 21 Games. C65: Ruy Lopez: Berlin Defence (3...Nf6), unusual lines and 4 0-0 Bc5} (6. O-O {is interesting.} Bd6 7. h3 O-O 8. Nbd2 Be6 9. Ng5) (6. O-O Qe7 7. Nbd2 Bg4 8. h3 Bh5 9. a3 a5 10. Nc4 Nd7 11. g4 Bg6 12. b4 axb4 13. Bg5 f6 14. axb4 Rxa1 15. Qxa1 {½-½ (30) Anand,V (2783)-Nakamura,H (2792) Saint Louis 2017}) 6... Be7 $146 (6... Be6 {keeps more tension.} 7. O-O Qd6 8. Nc3 Nd7 9. Bd2 a5) ({Predecessor:} 6... Qd6 7. Nbd2 Ng4 8. Bh4 f6 9. Bg3 Be6 10. Qe2 Qd7 11. Nb3 Bb6 12. Nfd2 Nh6 13. a4 a6 {1-0 (84) Salgado Lopez,I (2627)-Danin,A (2543) Minsk 2017}) 7. Nxe5 Nxe4 $1 8. Bxe7 {The position is equal.} Qxe7 9. dxe4 {[#] Black must now prevent Qd4.} Qxe5 10. Nc3 Be6 11. O-O Qc5 12. Qd2 O-O 13. Rad1 a5 {[%cal Ba7a5,Ba5b4][%mdl 32]} 14. Qd4 Qb4 15. b3 h6 16. Na4 b6 17. f4 ({White should try} 17. Qe5 $11) 17... Bg4 $15 18. Qxb4 axb4 19. Rd2 Rfd8 $36 {[%mdl 2048] Black has some pressure.} 20. Rff2 c5 21. f5 {Threatening h3.} f6 22. c4 (22. Nb2 $17) 22... Bh5 $19 23. Nb2 $2 (23. Rxd8+ Rxd8 24. Nb2) 23... Rxd2 24. Rxd2 {Now Nd3 and White clings on.} Rxa2 {[%mdl 4096] Endgame KRB-KRN} 25. h3 Kf8 26. g4 Bf7 27. Kf2 Ke7 28. Ke3 {[#]} b5 $1 {[%mdl 512]} 29. Kf4 (29. cxb5 Bxb3) 29... Ra3 30. Nd3 bxc4 31. bxc4 Bxc4 32. Nxc5 Bb5 ({Weaker is} 32... Rxh3 33. Rd7+ Ke8 34. Rxc7 $17) 33. Ne6 $2 (33. e5 Rxh3 34. Ne4) 33... g5+ {Precision: White = 33%, Black = 84%.} 0-1

[Event "Elitserien Allsvenskan 2017-18"]
[Site "Lund"]
[Date "2017.10.20"]
[Round "1"]
[White "Blomqvist, Erik"]
[Black "Semcesen, Daniel"]
[Result "0-1"]
[WhiteElo "2511"]
[BlackElo "2482"]
[Annotator "TA"]
[PlyCount "78"]
[EventDate "2017.??.??"]
[EventCountry "SWE"]
[SourceTitle "playchess.com"]
[Source "ChessBase"]
[SourceQuality "1"]

{[%evp 20,78,35,31,41,41,42,43,52,46,48,31,31,31,27,28,51,53,45,39,36,40,44,47,83,39,85,75,105,114,100,86,204,89,103,72,267,266,339,317,311,308,317,314,458,452,447,458,440,339,425,347,270,122,135,151,154,-325,-322,-1349,-1328]} 1. e4 e5 2. Nf3 Nc6 3. d4 exd4 4. Nxd4 Bb4+ 5. c3 Bc5 6. Be3 Bb6 7. Nf5 Bxe3 {C45: Scotch Game} (7... g6 8. Bxb6 axb6 9. Ne3 Nf6 10. f3 O-O 11. c4 Nh5 12. Qd2 f5 13. Nc3 f4 14. Ned5 Qh4+ 15. Qf2 {1-0 (30) Yu,Y (2729)-Bu,X (2705) Doha 2016}) 8. Nxe3 Nf6 9. f3 O-O 10. c4 d6 11. Nc3 {LiveBook: 29 Games} Re8 12. Qd2 a6 13. Be2 Bd7 14. O-O Ne5 15. a4 $146 ({Predecessor:} 15. Kh1) 15... a5 16. Rad1 Ng6 17. Rfe1 b6 18. Ned5 Bc6 19. Bd3 Ne5 {[%cal Bg6e5,Be5d7,Bd7c5][%mdl 32]} 20. f4 Ned7 21. Bc2 Nc5 22. Re3 Nxd5 23. cxd5 Bd7 {[#]} 24. e5 $1 g6 25. Qf2 Qe7 (25... Bc8 $16) 26. Rf1 (26. f5 $18 {has better winning chances.}) 26... Qf8 $16 27. h4 Re7 $2 {[#]} (27... Qh6 $16) 28. h5 $1 $18 {[%mdl 512]} f5 (28... gxh5 29. Qh4) 29. hxg6 hxg6 30. e6 Be8 31. g4 fxg4 (31... Qf6 $142 32. Rg3 fxg4 33. Rxg4 Rg7) 32. Rg3 Qf6 33. Rxg4 Rg7 34. Qg3 Ra7 35. Rf2 c6 36. f5 (36. Rg2 $18 {and White stays clearly on top.}) 36... gxf5 $16 37. Bxf5 {dxc6 is the strong threat.} Qd4 38. Qxd6 $2 (38. Rxd4 $16 {is forced if you want to stay better. White threatens Bh7+! and mate.} Rxg3+ 39. Kh2) 38... Nd3 $19 39. Bh7+ $2 (39. Ne4 Rxg4+ 40. Bxg4 Nxf2 41. Nxf2) 39... Kxh7 {Precision: White = 58%, Black = 43%.} 0-1

[Event "Elitserien Allsvenskan 2017-18"]
[Site "Lund"]
[Date "2017.10.20"]
[Round "1"]
[White "Degerman, Lars"]
[Black "Hall, Jesper"]
[Result "*"]
[WhiteElo "2451"]
[BlackElo "2500"]
[Annotator "TA"]
[PlyCount "23"]
[EventDate "2017.??.??"]
[EventCountry "SWE"]
[SourceTitle "playchess.com"]
[Source "ChessBase"]
[SourceQuality "1"]

{[%evp 10,12,28,25,51]} 1. c4 e5 2. g3 Nc6 3. Nc3 f5 4. Nf3 Nf6 5. d4 e4 6. Nh4 {LiveBook: 56 Partien. A27: Englische Eröffnung (Holländische Struktur)} g6 {Vorgänger:} 7. Bg5 $146 Bg7 8. e3 d6 9. Ng2 h6 10. Bxf6 Qxf6 11. Nf4 Qf7 12. Rc1 {1-0 (33) Aronian,L (2784)-Seirawan,Y (2620) Berlin 2015} *

[Event "Elitserien Allsvenskan 2017-18"]
[Site "Lund"]
[Date "2017.10.20"]
[Round "1"]
[White "Antonsen, Mikkel"]
[Black "Jaderberg, Bjorn"]
[Result "1-0"]
[WhiteElo "2445"]
[BlackElo "2151"]
[Annotator "TA"]
[PlyCount "87"]
[EventDate "2017.??.??"]
[EventCountry "SWE"]
[SourceTitle "playchess.com"]
[Source "ChessBase"]
[SourceQuality "1"]

{[%evp 14,87,69,59,58,57,72,54,80,54,61,21,25,34,42,43,145,124,137,113,114,112,117,113,118,111,109,99,127,95,116,107,108,108,114,109,102,99,97,86,95,88,91,93,103,106,165,161,159,157,153,109,128,85,147,77,71,72,200,165,175,176,156,152,256,205,258,233,381,360,424,425,435,445,512,529]} 1. d4 e6 2. c4 f5 3. Nf3 Nf6 4. Nc3 d5 5. Bf4 c6 6. e3 Be7 7. Be2 O-O 8. h3 Ne4 {A84: Dutch Defence: 2 c4 Miscellaneous} 9. Qc2 Nd7 10. O-O Kh8 {White is slightly better.} 11. Bh2 $146 ({Predecessor:} 11. Rac1 b6 12. a3 a5 13. cxd5 exd5 14. Na4 Bb7 15. Ne5 Nxe5 16. Bxe5 {½-½ (55) Wang,Y (2703)-Pridorozhni,A (2506) Khanty-Mansiysk 2007}) 11... Bd6 12. Nxe4 Bxh2+ 13. Nxh2 {[%cal Bf3h2,Bh2g4,Bg4e5][%mdl 32]} fxe4 14. f3 Nf6 {[#]} ({Black should try} 14... Qg5 $14) 15. fxe4 $1 $16 Nxe4 16. Rxf8+ Qxf8 17. Rf1 {[%cal Rf1f8]} Qe7 18. Ng4 {Threatens to win with Bd3.} Bd7 19. Bd3 Nf6 20. Ne5 {And now Bxh7! would win.} Be8 21. Qf2 Nd7 22. Qf4 Kg8 23. Nxd7 Bxd7 24. Qc7 b6 25. Kh1 Qd8 26. Qd6 Qe8 27. e4 {[%cal Re4d5]} dxc4 28. Bxc4 Rd8 29. Qc7 Bc8 (29... Ra8 $16 30. Rc1 Qc8) 30. Rd1 b5 31. Bb3 a6 32. e5 Kh8 33. Rf1 h6 (33... Rxd4 $142 34. Qxc6 Rd8 35. Qxe8+ Rxe8) 34. Qf7 (34. Rf4 $142) 34... Qxf7 35. Rxf7 {[%mdl 4096] Endgame KRB-KRB} Bd7 (35... a5 $16 {is a better defense.}) 36. Re7 Kh7 37. Kh2 (37. Bxe6 $6 Bxe6 38. Rxe6 Rxd4 $14) 37... a5 {[#]} 38. a3 $1 {[%cal Ba2a3,Ba3a4][%mdl 32]} ({Don't play} 38. Bxe6 $6 Bxe6 39. Rxe6 Rxd4 $14) 38... b4 (38... a4 $16 39. Ba2 (39. Bxe6 Bxe6 40. Rxe6 Rxd4 $14) 39... Bc8) 39. a4 $18 (39. Bxe6 Bxe6 40. Rxe6 Rxd4 $14) 39... h5 40. Kg3 ({Not} 40. Bxe6 Bxe6 41. Rxe6 Rxd4 $14) 40... Kh6 (40... c5 $142) 41. Kf4 g6 42. Ke3 {White is clearly winning.} c5 43. dxc5 Bc6 44. Rxe6 {Precision: White = 68%, Black = 49%.} 1-0

[Event "Elitserien Allsvenskan 2017-18"]
[Site "Lund"]
[Date "2017.10.20"]
[Round "1"]
[White "Ahlander, Bjorn"]
[Black "Livner, Anders"]
[Result "1-0"]
[WhiteElo "2432"]
[BlackElo "2364"]
[Annotator "TA"]
[PlyCount "49"]
[EventDate "2017.??.??"]
[EventCountry "SWE"]
[SourceTitle "playchess.com"]
[Source "ChessBase"]
[SourceQuality "1"]

{[%evp 12,49,25,19,21,6,6,6,8,6,7,6,16,6,7,0,0,0,13,0,0,-20,-17,-13,-20,-15,-2,-5,0,-21,0,-12,27,20,136,140,535,545,533,532]} 1. d4 d5 2. c4 c6 3. cxd5 cxd5 4. Nc3 Nf6 5. Bf4 Nc6 6. e3 Bg4 7. Nf3 {LiveBook: 40 Games} Rc8 {D13: Slav Defence: Exchange variation without ...Bf5} 8. h3 Bxf3 9. Qxf3 e6 {The position is equal.} 10. Bd3 Bd6 $146 ({Predecessor:} 10... h6 11. Bg3 Bd6 12. Bh4 Be7 13. Bxf6 Bxf6 14. O-O O-O 15. Rac1 Qa5 16. a3 Rfd8 17. Rfd1 a6 18. g3 b5 19. h4 Qb6 20. b4 Rc7 {½-½ (20) Dautov,R (2604)-Abel,D (2446) Germany 2014}) 11. O-O O-O 12. Bg5 Be7 13. Rad1 Ne8 14. Bf4 Bd6 15. Bb1 Qb6 16. Na4 {[%cal Bc3a4,Ba4c5,Bc5e6,Be6d4][%mdl 32]} ({But not} 16. Qh5 Nf6 $17) 16... Qb4 17. b3 ({Don't blunder} 17. Qh5 $2 g6 $19) 17... Bxf4 18. Qxf4 Nd6 19. Qh4 $40 {[%csl Gb1][%cal Rh4h7][%mdl 128] White is up to no good.} g6 20. Nc5 Rfd8 21. f4 Qa3 22. Rc1 b6 {[#]} (22... Qb4 $11 {keeps the balance.}) 23. Nxe6 $1 $16 {[%mdl 512]} Nxd4 $2 {[%mdl 8192]} (23... fxe6 $16 24. Rxc6 Re8 25. Rxc8 Nxc8) 24. Nxd4 $18 Qxc1 {[#]} 25. Qxd8+ $1 {[%mdl 512] Precision: White = 41%, Black = 38%.} 1-0